01814nam a2200457 i 450000100060000000300080000600500170001400600190003100700150005000800410006502000270010603500230013303500240015603500250018003500220020504000310022705000230025808000100028108000080029108200160029910000350031524501350035026400400048530000470052533600310057233700330060333800430063649000640067950000230074358801290076659001630089565000260105865000260108465000290111065000270113965500270116679700190119383000650121285600620127799900170133936783FlNmELB20241216221439.0m o d | cr cnu||||||||170927s2013 ck o 001 0 spa d a9789587712063 (e-book) a(MiAaPQ)EBC4909254 a(Au-PeEL)EBL4909254 a(CaPaEBR)ebr11410785 a(OCoLC)1105908503 aFINmELBbspaerdacFINmELB 4aHC79.E5bA949 2013 a349.6 a3380 a338.9272231 aAvellaneda Cusaría, Alfonso.10aGestión ambiental y planificación del desarrollo :bel sujeto ambiental como actor político /cAlfonso Avellaneda Cusaría. 1aBogotá :bEcoe Ediciones,c[2013] a1 recurso en línea (xxiv, 363 páginas) atextobtxt2rdacontent/spa acomputadorabc2rdamedia/spa arecurso en líneabcr2rdacarrier/spa1 aColección Ciencias naturales. Ecología y medio ambiente aContiene índice. aDescripción basada en recurso en línea; Título de la página del título en PDF (e-libro, visto September 27, 2017). aRecurso electrónico. Santa Fe, Arg. : e-libro, 2017. Disponible vía World Wide Web. El acceso puede ser limitado para las bibliotecas afiliadas a e-Libro. 0aEnvironmental policy. 4aPolítica ambiental. 0aSustainable development. 4aDesarrollo sostenible. 4aLibros electrónicos.2 ae-libro, Corp. 0aColección Ciencias naturales. Ecología y medio ambiente.40uhttps://elibro.net/ereader/politecnicointernacional/70441 c36783d36783